000 00196nam a2200085Ia 4500
008 240331s9999 xx 000 0 und d
100 _aPonnambalam,M
245 0 _aYatharthamum Athmarthamum
942 _cL
999 _c1316
_d1316